Relier 2 acteurs - Statistiques

Statistiques générales
  • Ce quiz a été pris 160 fois
  • Le résultat moyen est 5 sur 9
Statistiques - réponses
Film Acteur % Correct
Les Visiteurs Jean Reno
99%
The Great Gratsby Leonardo DiCaprio
77%
Leon Natalie Portman
73%
Le Loup de Wall Streat Jean Dujardin
54%
Ocean's Twelve Matt Damon
49%
Le Mans 66 Christian Bale
48%
Les Petits Mouchoirs François Cluzet
45%
Un Moment d'Egarement Vincent Cassel
37%
Brothers Tobey Maguire
36%
Aucun quiz correspondant
Distribution des résultats
% des personnes avec chaque résultat
Percentile par nombre de réponses
Votre historique - résultats
Vous n’avez pas pris ce quiz